Personnel management

Bibliographic Details
Main Author: Flippo, Edwin B.
Format: Book
Published: New York : McGraw-Hill Book Co. , 1984
Edition:6th ed
Subjects:

MARC

LEADER 00000cam a2200000 7i4500
001 0000001649
005 20021126.0
020 |a 0070213218 
040 |a INS 
090 0 0 |a HF5549.   |b F583 1984 
100 1 |a Flippo, Edwin B. 
245 1 0 |a Personnel management   |c Edwin B. Flippo 
250 |a 6th ed 
260 |a New York :   |b McGraw-Hill Book Co. ,   |c 1984 
300 |a xiv, 607p :   |b ill ;   |c 23 cm. 
650 0 0 |a Personnel management 
999 |a 0000000411   |b BOOK   |c Open Shelf   |e Default branch